000 00707nam a2200289Ia 4500
005 20260324133733.0
008 008 260324s9999 xx 000 0 eng d
020 _a9781315039299
037 _aEBOOK
040 _aCRL
040 _beng
040 _cCRL
041 _2eng
041 _aeng
084 _qCRL
100 _aEdward Newman; Albrecht Schnabel
_91194199
245 0 _aRecovering from Civil Conflict
245 0 _bReconciliation, Peace and Development
260 _bTaylor and Francis
260 _c2003
365 _a
365 _b74.99
856 _uhttp://www.taylorfrancis.com/books/9781315039299
942 _cEBOOK
999 _c1793569
_d1793569